| 000 | 00552nam a2200193 a 4500 | ||
|---|---|---|---|
| 005 | 20240314063647.0 | ||
| 008 | 140613s2007 mx r 000 0 spa d | ||
| 020 | _a970939634X | ||
| 035 | _aUPN01000197841 | ||
| 049 | _aI | ||
| 050 | 4 |
_aPZ7 _bH6.34 |
|
| 100 | 1 |
_aHollander, Kurt, _d1959- _935688 |
|
| 245 | 1 | 0 |
_aFlaco rebotapiedras / _cKurt Hollander ; il. Curro Gómez. |
| 260 |
_aMéxico : _bMireles, _c2007. |
||
| 300 |
_a[45] p. : _bil. col. |
||
| 650 | 4 |
_aCuentos infantiles estadounidenses _910762 |
|
| 905 | _aInfantil | ||
| 999 |
_c169942 _d169942 |
||